| 000 | 00513nam a2200169 4500 | ||
|---|---|---|---|
| 001 | 139780 | ||
| 003 | ES-MaACL | ||
| 005 | 20230906195914.0 | ||
| 007 | t| | ||
| 008 | 070214s1942 sp r ||||1| spa d | ||
| 100 | 1 |
_aSchneider, Heinrich. _9104561 |
|
| 245 | 1 | 0 |
_aVitaminas en cirugía / _cHeinrich Schneider ; traducción y notas de Florencio Tejerina. |
| 260 |
_aAvila : _bEd. Spes, _c1942. |
||
| 300 |
_a78 p. ; _c25 cm. |
||
| 700 | 1 |
_aTejerina, Florencio. _9109593 |
|
| 852 |
_aES-MaACL _j1839-F-14 _bR.19812 |
||
| 999 |
_c139780 _d139780 |
||